00747nam a22001937a 450000500170000001000150001702000260003203500130005803700130007108200130008410000220009724501520011926000320027127000570030330000230036094200270038399900170041095201260042720150807113452.0 aENG-113123 a9789352060023c275.00 aEN-96655 bDBAD/PUB a658.4092 aKonkar, Girish V. aSshhh... it's not a secret :btransformational leadership & life mastery (become the master of your life and not it's slave) /cby Girish V. Konkar aChennaibNotion Pressc2015 a5 Muthu Kalathy Street, Triplicane,bChennaie600005 ax,205p.c21cm(pbk) 2ddccENmKONh658.4092 c93767d93767 001040718NFICaDBADbDBADd2015-05-20eDBAD/PUBg275.00l0o658.4092 KONpEN-96655r2015-05-20 00:00:00t1v275.00yEN